Ratanlal & Dhirajlal's the Indian penal code (Act XLV of 1860) /

書目詳細資料
主要作者: Ratanlal Ranchhoddas
企業作者: India
其他作者: Thakore, Dhirajlal Keshavlal, Chandrachud, Y. V., Manohar, V. R., Singh, Avtar, 1932-
格式: 圖書
語言:English
出版: New Delhi : Wadhwa & Co., 2008 [reprinted].
版:30th ed., reprint, enl. ed. on a wider format /
主題:
Classic Catalogue: View this record in Classic Catalogue
LEADER 02585nam a2200373 a 4500
001 0020124
003 BD-DhAAL
008 100420r2008 ii l 001 0 eng d
040 |a DLC  |c DLC  |d BD-DhAAL 
082 0 0 |a 343.095403  |2 22 
100 0 |a Ratanlal Ranchhoddas.  |9 311 
245 0 0 |a Ratanlal & Dhirajlal's the Indian penal code (Act XLV of 1860) /  |c Ratanlal Ranchhoddas and Dhirajlal Keshvlal Thakore. 
246 3 0 |a Indian Penal Code 
246 3 |a Ratanlal and Dhirajlal's the Indian Penal Code (Act XLV of 1860) 
250 |a 30th ed., reprint, enl. ed. on a wider format /  |b by Y.V. Chandrachud in collaboration with V.R. Manohar, Avtar Singh and the publishers' editorial board. 
260 |a New Delhi :  |b Wadhwa & Co.,  |c 2008 [reprinted]. 
300 |a cxxxx, 1127 p. ;  |c 25 cm 
500 |a "Enlarged edition on a wider format containing all notable decisions of the Supreme Court and various high courts reported upto Jan. 2006, with exhaustive notes, comments, case-law, references, state amendments, etc., etc., alongwith the changes made by the Information Technology Act, 2000, the Code of Criminal Procedure (Amendment) Act, 2005 (25 of 2005) and the Criminal Law (Amendment) Act, 2005 (2 of 2006) incorporated at appropriate place." 
500 |a Includes index. 
526 |a SOL  |x K. Shamsuddin Mahmood Professor and Dean School of Law BRAC University 
541 1 |e 0020124  |a Anupam Gyan Bhandar 
610 1 0 |a India.  |t Indian Penal Code. 
650 0 |a Criminal law  |z India.  |9 313 
700 1 |a Thakore, Dhirajlal Keshavlal.  |9 314 
700 1 |a Chandrachud, Y. V.  |9 315 
700 1 |a Manohar, V. R.  |9 316 
700 0 |a Singh, Avtar,  |d 1932- 
710 1 |a India.  |t Indian Penal Code. 
852 4 |a Ayesha Abed Library  |c General Stacks 
942 0 0 |0 1  |2 ddc  |c BK 
999 |c 8182  |d 8182 
952 |0 0  |1 0  |2 ddc  |4 0  |6 343_095403000000000_RAT_2008  |7 0  |9 9341  |a BRACUL  |b BRACUL  |c GEN  |d 2010-04-20  |e Anupam Gyan Bhandar  |g 790.00  |l 10  |m 64  |o 343.095403 RAT  |p 3010020124  |r 2026-01-27  |s 2025-09-24  |t 1  |v 1580.00  |w 2010-04-20  |y BK  |x Requisitioned by K. Shamsuddin Mahmood, Professor and Dean, School of Law, BRAC University 
952 |0 0  |1 0  |2 ddc  |4 0  |6 343_095403000000000_RAT_2007  |7 0  |9 10475  |a BRACUL  |b BRACUL  |c GEN  |d 2010-05-24  |e Anupam Gyan Bhandar  |g 790.00  |l 4  |m 14  |o 343.095403 RAT  |p 3010020125  |r 2025-12-24  |s 2025-09-24  |t 2  |v 1580.00  |w 2010-05-24  |y BK  |x Requisitioned by K. Shamsuddin Mahmood, Professor and Dean, School of Law, BRAC University 
952 |0 0  |1 0  |2 ddc  |4 0  |6 343_095403000000000_RAT_2007  |7 0  |9 10476  |a BRACUL  |b BRACUL  |c GEN  |d 2010-05-24  |l 14  |m 156  |o 343.095403 RAT  |p 3010020126  |r 2026-03-29  |s 2025-09-16  |t 3  |w 2010-05-24  |y BK